| 000 | 00636nam a22001937a 4500 | ||
|---|---|---|---|
| 999 |
_c15752 _d15752 |
||
| 003 | AR-CdUCM | ||
| 008 | 190429b ||||| |||| 00| 0 spa d | ||
| 040 |
_aMUNICIPALIDAD PROVINCIAL DEL CUSCO _cBIBLIOTECA MUNICIPAL DEL CUSCO |
||
| 082 |
_aEP / 468.6 / _bA05 |
||
| 100 |
_aAraoz Chacón, Victor. _934950 |
||
| 245 |
_aTika : _bÑawinchaspa Yachasun / |
||
| 260 |
_aLima : _bTarea, asociación de publicaciones educativas, _c2007. |
||
| 300 |
_a83 páginas ; _c28 cm. |
||
| 505 | _aContenido :Libro en quechua ... | ||
| 650 |
_aIdioma quechua. _927790 |
||
| 650 |
_aHistoria. _9136 |
||
| 942 |
_2ddc _cLIBROS |
||
| 945 |
_arum1 _d2019-04-29 |
||